000 01520cam a22003735i 4500
999 _c200452301
_d70513
001 200452301
003 TR-AnTOB
005 20230526173421.0
006 m |o d |
007 cr cnu---aauau
008 210913s2022 mau o 000 0 eng d
010 _a 2021947032
020 _a9780128234228
_q(ebook)
020 _z9780128234211
_q(paperback)
040 _aDLC
_beng
_erda
_cDLC
_dTR-AnTOB
041 0 _aeng
060 1 _aWG 141
_bC426 2022
096 _aWG 141
_bC426 2022EBK
100 1 _aGopalan, Chaya,
_eauthor
245 1 0 _aBiology of cardiovascular and metabolic disease /
_cChaya Gopalan, Erik Kirk.
264 1 _aWaltham :
_bElsevier,
_c2022.
264 4 _c©2022
300 _a1 online resource.
336 _atext
_btxt
_2rdacontent
337 _acomputer
_bc
_2rdamedia
338 _aonline resource
_bcr
_2rdacarrier
504 _aBIBINDX
520 _a"Focuses succinctly on the physiology and pathophysiology of cardiovascular and metabolic diseases Written in a concise and easy to read manner, allowing readers to quickly understand concepts Highlights the relevance of obesity in the development of cardiovascular and metabolic diseases and emphasizes the benefits of exercise as a preventative measure"--
_cProvided by publisher.
653 _aDiseases of the circulatory (cardiovascular) system
700 1 _aKirk, Erik,
_eauthor
856 4 0 _3ScienceDirect
_zConnect to resource
_uhttps://www.sciencedirect.com/book/9780128234211
942 _2NLM
_cBK